000 00522cam a22001577a 4500
008 180718b1992 xxu||||| |||| 00| 0 eng d
082 _aAPPPA 91-92 HAR
100 _aHarijan, Jagdish
245 _aWages for laboureers in unorganised sector in India: a study of policy and legislation
_cby Jagdish Harijan
260 _aNew Delhi
_bIndian Institute of Public Administration
_c1992
300 _a138+p.
650 _aLabour welfare
650 _aWage legislation
650 _aUnorganised sector-India
650 _aWages
999 _c501610
_d501610